00629nam a22002057a 450000500170000001000130001702000100003003500130004003700160005304000120006908200190008111000640010024500670016426000390023127000600027030000210033050000230035165000200037465000290039420170124110246.0 aA-391887 c00.00 aA-391887 bCen Lib/Ret aDPLbEN a574.52652bENC aIndependent Commission on International Humanitarian Issues aThe encroaching desert : bthe consequences of human failure / aBombay bPopular Prakashan c1989 aBombayb35-C Pandit Madan Mohan Malaviya Marg. e400034 a132p. c20cm(Hb) aincludes appendix  aDesertification aArid regions agriculture